| 000 | 00000cam 2200000zi 4500 |
| 001 | 9.962729 |
| 003 | CaOODSP |
| 005 | 20260512114555 |
| 006 | m o d f |
| 007 | cr mn||||||||| |
| 008 | 260512e199901##oncab ob f000 0 eng d |
| 040 | |aCaOODSP|beng|erda|cCaOODSP |
| 041 | 0 |aeng|beng|bfre |
| 043 | |an-cn-on |
| 086 | 1 |aFs97-4/2490E-PDF|zFs97-4/2490 |
| 100 | 1 |aMinns, Charles Kenneth, |d1947- |eauthor. |
| 245 | 10|aDevelopment of a fish habitat classification model for littoral areas of Severn Sound, Georgian Bay, a Great Lakes' area of concern / |cby C.K. Minns, P. Brunette, M. Stoneman, K. Sherman, R. Craig, C. Porrt, and R.G. Randall. |
| 264 | 1|aBurlington, Ontario : |bGreat Lakes Laboratory for Fisheries and Aquatic Sciences, Fisheries and Oceans Canada, Bayfield Institute, |cAugust 1999. |
| 264 | 4|c©1999 |
| 300 | |a1 online resource (ix, 88 pages, 1 sheet) : |billustrations, colour maps. |
| 336 | |atext|btxt|2rdacontent |
| 337 | |acomputer|bc|2rdamedia |
| 338 | |aonline resource|bcr|2rdacarrier |
| 490 | 1 |aCanadian manuscript report of fisheries and aquatic sciences, |y0706-6473 ; |v2490 |
| 500 | |aDigitized edition from print [produced by Department of Fisheries and Oceans]. |
| 504 | |aIncludes bibliographical references (pages 32-33). |
| 520 | 3 |a"This report documents the GIS database assembled for the littoral habitat areas of Severn Sound, Georgian Bay, and describes the methods used to devise a fish habitat classification model for those littoral areas. Development of the classification model was undertaken to provide the implementers of the Remedial Action Plan in Severn Sound with a scientifically defensible update for their interim fish habitat management plan. The interim plan was prepared as a guidance document for local and regional planning authorities to promote increased regard for fish habitat and the legislated responsibilities where proposed developments impinge on littoral habitat. In that plan, a group of local fish habitat experts had classified shoreline lengths into one of three classes, Red, Yellow or Green. The different colours signaled different levels of importance of littoral areas as fish habitat and the lists of allowable and excluded activities were linked to the colour-codes. … The complete GIS database including full implementation of the classification model are available on an enclosed CD-ROM. The limitations of the source data and the classification model are assessed and future steps required for iterative improvement are identified"--Abstract, page iii. |
| 546 | |aIncludes abstracts in English and French. |
| 650 | 0|aFishes|xHabitat|xGeographic information systems|zOntario|zGeorgian Bay (Bay) |
| 650 | 0|aFishes|xHabitat|zOntario|zGeorgian Bay (Bay)|xClassification. |
| 650 | 6|aPoissons|xHabitat|xSystèmes d'information géographique|zOntario|zGéorgienne, Baie. |
| 650 | 6|aPoissons|xHabitat|zOntario|zGéorgienne, Baie|xClassification. |
| 710 | 1 |aCanada. |bDepartment of Fisheries and Oceans, |eissuing body. |
| 710 | 2 |aGreat Lakes Laboratory for Fisheries and Aquatic Sciences, |eissuing body. |
| 830 | #0|aCanadian manuscript report of fisheries and aquatic sciences ;|v2490.|w(CaOODSP)9.505211 |
| 856 | 40|qPDF|s8.21 MB|uhttps://publications.gc.ca/collections/collection_2026/mpo-dfo/fs97-4/Fs97-4-2490-eng.pdf |